000 00777nam a2200193 a 4500
008 081216s2007 ||||||||||||||||| || u
050 _aKYO-UNI(05)ASM
100 _aIkeno, Jun
245 1 0 _aAfrican coffee economy at crossroads: the cases from Tanzania, Ethiopia and Rwanda
_cEdited by Jun Ikeno
260 _aKyoto
_bKyoto University
_c2007
300 _a139p.: ill
350 _a0.00
490 _aAfrican Study Monographs
650 _aCOFFEE--ECONOMIC ASPECTS--RWANDA
650 _aCOFFEE--ECONOMIC ASPECTS--TANZANIA
650 _aAGRICULTURE
650 _aCOFFEE--ECONOMIC ASPECTS--ETHIOPIA
995 _D0.00
_FCBU-MAIN LIBRARY (Kitwe)
_H1
_I0.00
_M35
_UAVAILABLE
_WDec 16, 2008
_ZInternational Publications
999 _c33724
_d33724